• 首页
  • 本馆介绍
  • 公告通知
  • 最新文献
  • 馆藏检索
  • 电子资源
  • 读者导购
  • 参考咨询
  • 我的图书馆
  • 登录
  • 详细信息显示
  • 放入我的书架
  • 预约/预借图书
  • 作者相关作品
  • 分类相关作品
  • 丛书相关作品
  • 出版社相关作品

书目信息

  • 表格格式
  • 工作单格式
  • 卡片格式
题名:
农业科技园区规划理论与实践
    
 
作者: 陈阜 , 王强 编著
分册:  
出版信息: 北京   化学工业出版社  2008
页数: 154页
开本: 24cm
丛书名: 都市农业学科群建设丛书
单 册:
中图分类: F324.3
科图分类:
主题词: 农业技术--高技术产业--规划--中国 , 农业技术 , 高技术产业
电子资源:
ISBN: 978-7-122-01345-3
000 01127oam2 2200289 45
005 20100303110653.67
010    @a978-7-122-01345-3@dCNY36.00
100    @a20100120d2008 ekmy0chiy0120 ea
101 0  @achi
102    @aCN@b110000
105    @ay z 000yy
106    @ar
200 1  @a农业科技园区规划理论与实践@ANong Ye Ke Ji Yuan Qu Gui Hua Li Lun Yu Shi Jian@f陈阜,王强编著@FChen Fu, Wang Qiang Bian Zhu
210    @a北京@c化学工业出版社@d2008
215    @a154页@d24cm
225 2  @a都市农业学科群建设丛书
308    @a丛书原题名:都市农业学科群建设系列丛书
330    @a本书从科技园区产生与发展着手,评价了农业科技园区发展的背景、现状与面临的主要问题;分析了我国农业科技园区发展模式与运行管理机制,并简要总结了园区建设的经验与模式;探讨了我国农业科技园区的能力建设与发展前景,并提出相关政策建议等。
461  0 @12001 @a都市农业学科群建设丛书
606 0  @a农业技术@x高技术产业@x规划@y中国
606 0  @a农业技术
606 0  @a高技术产业
690    @aF324.3@v4
701  0 @a陈阜@AChen Fu@4编著
701  0 @a王强@AWang Qiang@4编著
801  0 @aCN@bTANGWEI@c20100303
905    @b0584348-52@dF324.3@e120@f5
    
    农业科技园区规划理论与实践/陈阜,王强编著.-北京:化学工业出版社,2008
    154页;24cm.-(都市农业学科群建设丛书)
    
    
    ISBN 978-7-122-01345-3:CNY36.00
    本书从科技园区产生与发展着手,评价了农业科技园区发展的背景、现状与面临的主要问题;分析了我国农业科技园区发展模式与运行管理机制,并简要总结了园区建设的经验与模式;探讨了我国农业科技园区的能力建设与发展前景,并提出相关政策建议等。
●
相关链接 在E读中查询图书 在五车中查询图书 在当当中查询图书 在豆瓣中查询图书


正题名:农业科技园区规划理论与实践     索取号:F324.3/120         预约/预借

序号 登录号 条形码 馆藏地/架位号 状态 备注
1 0584348   205843480   第一样本阅览室/ [索取号:F324.3/120] 在馆    
2 0584349   205843499   密集书库-海洋学院/ [索取号:F324.3/120] 在馆    
3 0584350   205843505   第一借阅区/ [索取号:F324.3/120] 在馆    
4 0584351   205843514   第一借阅区/ [索取号:F324.3/120] 在馆    
5 0584352   205843523   第一借阅区/ [索取号:F324.3/120] 在馆    
唐山师范学院图书馆 欢迎您!
大连网信软件有限公司© 版权所有